| 000 | 00394nam a2200145 a 4500 | ||
|---|---|---|---|
| 001 | 4140 | ||
| 005 | 20140414131846.0 | ||
| 008 | 090218s19uu xx 00 eng d | ||
| 050 |
_aM 220.9 _bL33 1991 |
||
| 100 | _aLashbrook, Marilyn | ||
| 245 |
_aThe best day ever : _bthe strory of Jesus. |
||
| 260 |
_aFort Collins, CO : _bTreasure, _c1991. |
||
| 650 | _aBible stories, N.T. | ||
| 999 |
_c109940 _d109940 |
||